Core servlets and java server pages : (Record no. 186099)

MARC details
000 -LEADER
fixed length control field 00968nam a2200265Ia 4500
005 - DATE AND TIME OF LATEST TRANSACTION
control field 20250224114049.0
008 - FIXED-LENGTH DATA ELEMENTS--GENERAL INFORMATION
fixed length control field 210716s2004 xx 000 0 und d
020 ## - INTERNATIONAL STANDARD BOOK NUMBER
International Standard Book Number 8129703009
040 ## - CATALOGING SOURCE
Transcribing agency AIMIT LIBRARY
041 ## - LANGUAGE CODE
Language code of text/sound track or separate title eng
082 ## - DEWEY DECIMAL CLASSIFICATION NUMBER
Classification number 006.671
Edition number 2
Item number HALM
100 ## - MAIN ENTRY--PERSONAL NAME
Personal name Hall, Marty.
9 (RLIN) 202171
245 ## - TITLE STATEMENT
Title Core servlets and java server pages :
Remainder of title core technologies /
Statement of responsibility, etc. By Marty Hall, Larry Brown and Yaakov Chaikin.
250 ## - EDITION STATEMENT
Edition statement 2nd ed.
260 ## - PUBLICATION, DISTRIBUTION, ETC.
Place of publication, distribution, etc. New Delhi :
Name of publisher, distributor, etc. Pearson Education ,
Date of publication, distribution, etc. 2004.
300 ## - PHYSICAL DESCRIPTION
Extent xxxiii,691p. ;
Other physical details PB
Dimensions 24.5 cm
440 ## - SERIES STATEMENT/ADDED ENTRY--TITLE
Volume/sequential designation 1
500 ## - GENERAL NOTE
General note v.1./ Core technologies/ by Marty Hall, Larry Brown - v.1./ Advanced technilogies/ by Marty Hall, Larry Brown and Yaakov Chaikin.
650 ## - SUBJECT ADDED ENTRY--TOPICAL TERM
Topical term or geographic name entry element Programmatic security
9 (RLIN) 202172
650 ## - SUBJECT ADDED ENTRY--TOPICAL TERM
Topical term or geographic name entry element Servlet and JSP filters
9 (RLIN) 202173
650 ## - SUBJECT ADDED ENTRY--TOPICAL TERM
Topical term or geographic name entry element The struts framework: basics
9 (RLIN) 202174
700 ## - ADDED ENTRY--PERSONAL NAME
Personal name Brown, Larry.
9 (RLIN) 202175
700 ## - ADDED ENTRY--PERSONAL NAME
Personal name Chaikin, Yaakov.
9 (RLIN) 202176
942 ## - ADDED ENTRY ELEMENTS (KOHA)
Source of classification or shelving scheme Dewey Decimal Classification
Koha item type Book
Edition 2nd
Call number prefix 006.671 HALM
Holdings
Withdrawn status Lost status Source of classification or shelving scheme Damaged status Not for loan Collection code Home library Current library Source of acquisition Cost, normal purchase price Inventory number Total Checkouts Full call number Barcode Date last seen Cost, replacement price Price effective from Koha item type
    Dewey Decimal Classification     MCA St Aloysius Institute of Management & Information Technology St Aloysius Institute of Management & Information Technology Intel Book Distributors 395.00 Bill no:8680; Bill dt:2004-02-02   006.671 HALM MCA05607 05/23/2026 316.00 07/16/2021 Book
    Dewey Decimal Classification     MCA St Aloysius Institute of Management & Information Technology St Aloysius Institute of Management & Information Technology Knowledge World 525.00 Bill no:445; Bill dt:2015-03-20   006.671 HALM MCA14080 05/23/2026 393.75 07/16/2021 Book